| 000 | 00504cam a22001577a 4500 | ||
|---|---|---|---|
| 008 | 180718b1945 xxu||||| |||| 00| 0 eng d | ||
| 082 | _aB135x54 Si64 | ||
| 100 | _aSingh, Tarlok | ||
| 245 |
_aPoverty and social change: a study in the economic reorganisation of Indian rural society _cby Tarlok Singh |
||
| 260 |
_aNew York _bLongmans _c1945 |
||
| 300 | _aviii, 200p | ||
| 650 | _aIndia --Social conditions. | ||
| 650 | _aLand tenure --India | ||
| 650 | _aVillages --India | ||
| 650 | _aPeasants --India | ||
| 999 |
_c418312 _d418312 |
||